01973nam a2200277Ia 4500952011400000952011600114952011500230999001700345008004100362020001800403050002300421100004800444245005600492250001900548260003400567300003600601490003900637500011700676504003200793505064400825519007201469519007301541519004501614650002901659942000701688 00104070a04b04d2011-03-28l79m6oKGF5422 A58 2005p04 003186r2018-11-10s2018-10-27t1w2012-06-24yLB 00104070a04b04d2011-04-28l116m14oKGF5422 A58 2005p04 003266r2018-12-17s2018-12-13t2w2012-06-24yLB 00104070a04b04d2012-10-04l74m15oKGF5422 A58 2005p04 004088r2019-03-02s2019-02-23t3w2012-10-04yLB c62709d62709120625s2005 mx 001 0 spa d a9789706138064 4aKGF5422 bA58 20051 aAmuchategui Requena, I. Griseldae , autor 10aDerecho penal c / I. Griselda Amuchategui Requena  a3a. edición  aMéxicob : Oxford c , 2005 axxx, 538 páginas c ; 23 cm. 0 aTextos Jurídicos Universitarios  aEjemplar 1 (04 003186) y 2 (04 003266) son 10a. reimpresión 2010 Ejemplar 3 (04 004088)13a. reimpresión 2012 aBibliografía: pp. 521-5240 aGeneralidades del derecho penal Teoría de la ley penal Teoría del delito Conducta y su aspecto negativo Tipicidad y su aspecto negativo Antijuridicidad y su aspecto negativo Imputabilidad y su aspecto negativo Culpabilidad y su aspecto negativo Punibilidad y su aspecto negativo Teoría del delincuente Teoría de la pena Delitos en particular Delitos de daño contra la vida y la integridad corporal Homicidio Participación en el suicidio Aborto Infanticidio (homicidio atenuado) Homicidio en razón del parentesco o relación (parricidio) Violencia familiar Lesiones Delitos de peligro efectivo y presunto  aPlan Flexible / bDerecho / cDerecho Penal I (P04) / d(04 004088) aPlan Flexible / bDerecho / cDerecho Penal II (P09) / d(04 003266) aMaterial Complementario / d(04 003186)  4aDERECHO PENALzMÉXICO  cLB